| 000 | 00536nam a2200157Ia 4500 | ||
|---|---|---|---|
| 005 | 20240927041757.0 | ||
| 008 | 240331s9999 xx 000 0 und d | ||
| 020 | _a9789350092613 | ||
| 082 |
_a808 _bCHA |
||
| 100 | _aChatterjee,P | ||
| 245 | 4 |
_aThe Prince and the Sannyasi : _bThe Kumar of Bhawal and the Secret History of Indian Nationalism |
|
| 260 |
_aIndia _bHachette India _c2002 |
||
| 300 | _axix, 650 p ., | ||
| 500 | _aThis Extraordinary book represents an immensely valuable addition to the literature on south Asia. | ||
| 942 | _cL | ||
| 999 |
_c629 _d629 |
||